Los limpiadores de los cielos : (Registro nro. 37492)

Detalles MARC
000 -CABECERA
Longitud fija campo de control 00632nam a2200181 4500
003 - • IDENTIFICADOR DELl NÚMERO DE CONTROL
Identificador del número de control CO-ViMGA
020 ## - • NÚMERO INTERNACIONAL NORMALIZADO PARA LIBROS
Número Internacional Normalizado para Libros (ISBN) 9788573951578
040 ## - FUENTE DE LA CATALOGACIÓN
Centro catalogador de origen CO-ViMGA
Lengua de catalogación spa
Centro transcriptor CO-ViMGA
082 04 - • NÚMERO DE LA CLASIFICACIÓN DECIMAL DEWEY
Número de clasificación (R) 598 V11l
100 1# - • PUNTO DE ACCESO PRINCIPAL-NOMBRE DE PERSONA
Nombre de persona Vargas Clavijo, Mauricio
245 10 - • TITULO PROPIAMENTE DICHO
Título Los limpiadores de los cielos :
Resto del título Factos y Folclor de los zopilotes, aves dueñas del imaginario Latinoamericano
Mención de responsabilidad, etc. Mauricio Vargas Clavijo
300 ## - • DESCRIPCIÓN FÍSICA
Extensión 207 p. :
Otras características físicas Il. imagenes ; 22. cm.
500 ## - • NOTA GENERAL
Nota general Gallinazo, parecido al cuervo.
650 14 - • PUNTO DE ACCESO ADICIONAL DE MATERIA - TÉRMINO DE MATERIA
Término de materia o nombre geográfico como elemento inicial Folklor, Literatura
700 1# - • PUNTO DE ACCESO ADICIONAL - NOMBRE DE PERSONA
Nombre de persona Costa Neto,Eraldo Medeiros
Término indicativo de función coaut.
942 ## - ENTRADA DE ELEMENTOS AGREGADOS (KOHA)
Fuente de clasificaión o esquema Dewey Decimal Classification
Koha [por defecto] tipo de item LIbro
Existencias
Perdido Fuente de clasificación o esquema Estado Físico No para préstamo Forma de adquisición Localización permanente Localización actual Fecha adquisición Préstamos totales Signatura completa Código de barras Fecha última consulta Número de copia Fecha del precio de reemplazo Tipo de item de Koha
  Dewey Decimal Classification     Sala General Segundo Piso Biblioteca Pública Germán Arciniegas - Villavicencio Biblioteca Pública Germán Arciniegas - Villavicencio 09/20/2016   598 V11l 31126 09/20/2016 Ej. 1 09/20/2016 LIbro









Instituto Departamental de Cultura del Meta - Red Departamental de Bibliotecas Públicas del Meta.